| 000 | 00399nam a2200157Ia 4500 | ||
|---|---|---|---|
| 008 | 210210b1970 xxu||||| |||| 00| 0 eng d | ||
| 020 | _a0 210 33604 8 | ||
| 082 | _a954.01 GOKA | ||
| 100 | _aGOKHALE (B G). | ||
| 245 | _aAncient India history and culture. Ed 4. | ||
| 250 | _a | ||
| 260 |
_aBombay. _bAisa Publishing House., _c1970 |
||
| 300 | _a224 | ||
| 690 | _aIndian History | ||
| 906 | _a032568 | ||
| 999 |
_c83459 _d83459 |
||